01773nam a22003617a 45000010009000000050017000090060019000260070015000450080041000600100017001010200031001180200039001490400028001880420008002160430012002240500017002361000029002532450072002822630009003542640051003633000024004143360026004383370026004643380036004905040051005265050378005775880103009556500055010586500057011136500055011706510044012257760142012692065615420231103073233.0m |o d | cr_|||||||||||231103b |||||||| |||| 00| 0 eng d a 2018042390 a9780231545570 (electronic) z9780231184601 (cloth : alk. paper) aDLCbengerdacKMUdKMU apcc an-us---10aE 185.86 Fre1 aFreeman, Lance,eauthor.12aA haven and a hell :bthe ghetto in black America /cLance Freeman. a1904 1aNew York :bColumbia University Press,c[2019] a318 pages :c24 cm. atextbtxt2rdacontent acomputerbn2rdamedia aonline resourcebnc2rdacarrier aIncludes bibliographical references and index.0 aThe embryonic ghetto -- The age of the black enclave -- The federally sanctioned ghetto -- World War II and the aftermath : the ghetto diverges -- The ghetto erupts : the 1960s -- The last decades of the twentieth century -- The ghetto in the twenty-first century -- Conclusion: how to have a haven but no hell in the twenty-first century -- Notes -- Bibliography -- Index. aDescription based on print version record and CIP data provided by publisher; resource not viewed. 0aAfrican American neighborhoodsxSocial conditions. 0aAfrican American neighborhoodsxEconomic conditions. 0aDiscrimination in housingzUnited StatesxHistory. 0aUnited StatesxRace relationsxHistory.08iPrint version:aFreeman, Lance, author.tHaven and a helldNew York : Columbia University Press, [2019]z9780231184601w(DLC) 2018027639